000 00321nam a22001337a 4500
008 250415b |||||||| |||| 00| 0 eng d
020 _a9789351540656
050 _aHD6935
_b.M64
100 _aMOHAN, Surendra
245 _aIndustrial Sociology
260 _aIndia
_bVenus Books
_c2015
300 _axii, 319p.
942 _cBK
999 _c3011
_d3011